Doing business in Europe. (2nd ed (Record no. 40430)
[ view plain ]
| 000 -LEADER | |
|---|---|
| fixed length control field | 00847nam a2200229 a 4500 |
| 001 - CONTROL NUMBER | |
| control field | 16777030 |
| 008 - FIXED-LENGTH DATA ELEMENTS--GENERAL INFORMATION | |
| fixed length control field | 170113s2011 ||||||||||||||||| || u |
| 010 ## - LIBRARY OF CONGRESS CONTROL NUMBER | |
| LC control number | 2011929701 |
| 020 ## - INTERNATIONAL STANDARD BOOK NUMBER | |
| International Standard Book Number | 9780857020857 |
| 020 ## - INTERNATIONAL STANDARD BOOK NUMBER | |
| International Standard Book Number | 9781412918473 |
| 050 ## - LIBRARY OF CONGRESS CALL NUMBER | |
| Classification number | HF 3497 Sud |
| 100 ## - MAIN ENTRY--PERSONAL NAME | |
| Personal name | Suder, Gabriele |
| 245 10 - TITLE STATEMENT | |
| Title | Doing business in Europe. (2nd ed |
| Statement of responsibility, etc. | By Gabriele, Suder |
| 250 ## - EDITION STATEMENT | |
| Edition statement | 2nd ed. |
| 260 ## - PUBLICATION, DISTRIBUTION, ETC. | |
| Place of publication, distribution, etc. | Los Angeles: |
| Name of publisher, distributor, etc. | SAGE Publications |
| Date of publication, distribution, etc. | 2011 |
| 300 ## - PHYSICAL DESCRIPTION | |
| Extent | xvii, 452 p. : ill. |
| 500 ## - GENERAL NOTE | |
| General note | Includes bibliographical references and index. |
| 650 #0 - SUBJECT ADDED ENTRY--TOPICAL TERM | |
| Topical term or geographic name entry element | BUSINESS ENTERPRISES--EUROPE |
| 650 #0 - SUBJECT ADDED ENTRY--TOPICAL TERM | |
| Topical term or geographic name entry element | BUSINESS ENTERPRISES--EUROPE--CASE STUDIES |
| 650 #0 - SUBJECT ADDED ENTRY--TOPICAL TERM | |
| Topical term or geographic name entry element | EUROPE--COMMERCE--HANDBOOKS, MANUALS, ETC |
| 995 ## - RECOMMENDATION 995 [LOCAL, UNIMARC FRANCE] | |
| -- | CBU-MAIN LIBRARY (Kitwe) |
| -- | 1 |
| -- | AVAILABLE |
| -- | Feb 13, 2017 |
| -- | Main Library Open Access Collection |
| Withdrawn status | Lost status | Source of classification or shelving scheme | Damaged status | Not for loan | Home library | Current library | Shelving location | Date acquired | Total Checkouts | Full call number | Barcode | Date last seen | Price effective from | Koha item type |
|---|---|---|---|---|---|---|---|---|---|---|---|---|---|---|
| CBU-MAIN LIBRARY, KITWE. | CBU-MAIN LIBRARY, KITWE. | 11/30/2022 | HF 3497 Sud | 747617 | 11/30/2022 | 11/30/2022 | MONOGRAPH |